[Event "AUT-ch U16 Girls"]
[Site "St Veit"]
[Date "2021.10.28"]
[Round "6.1"]
[White "Vicze, Kata"]
[Black "Wintersteller, Lea Marie"]
[Result "1-0"]
[WhiteElo "1809"]
[BlackElo "1002"]
[PlyCount "77"]
[EventDate "2021.10.25"]
[EventType "swiss"]
[EventRounds "7"]
[EventCountry "AUT"]
[SourceTitle "EXT 2023"]
[Source "ChessBase"]
[SourceDate "2022.10.05"]
[SourceVersion "1"]
[SourceVersionDate "2022.10.05"]
[SourceQuality "1"]

1. c4 e5 2. Nc3 Nc6 3. g3 Nf6 4. Bg2 Bc5 5. Nf3 d6 6. 0-0 0-0 7. e3 e4 8. Ng5 Ne5 9. Ngxe4 Nxe4 10. Nxe4 Bb6 11. d3 Ng6 12. b4 c5 13. a3 a5 14. b5 Be6 15. Qh5 h6 16. Bb2 f6 17. Qxg6 Bf7 18. Qg4 Qe7 19. Bxf6 Be6 20. Bxe7 Bxg4 21. Bxf8 Rxf8 22. Nxd6 Rb8 23. Bxb7 Bc7 24. Bd5+ Kf8 25. Ne4 Bf3 26. Nxc5 Bxd5 27. Nd7+ Ke7 28. Nxb8 Bxb8 29. cxd5 Kd6 30. e4 a4 31. b6 Kd7 32. b7 Bc7 33. Rab1 Kd6 34. b8Q Bxb8 35. Rxb8 Kc7 36. Rfb1 Kd7 37. R1b7+ Kd6 38. d4 g5 39. Rd8# 1-0

[Event "AUT-ch U16 Girls"]
[Site "St Veit"]
[Date "2021.10.27"]
[Round "4.2"]
[White "Wintersteller, Lea Marie"]
[Black "Wolf, Elena"]
[Result "0-1"]
[WhiteElo "1002"]
[BlackElo "1164"]
[PlyCount "106"]
[EventDate "2021.10.25"]
[EventType "swiss"]
[EventRounds "7"]
[EventCountry "AUT"]
[SourceTitle "EXT 2023"]
[Source "ChessBase"]
[SourceDate "2022.10.05"]
[SourceVersion "1"]
[SourceVersionDate "2022.10.05"]
[SourceQuality "1"]

1. e4 e5 2. Nf3 Nc6 3. Bc4 Nf6 4. Ng5 d5 5. exd5 Nxd5 6. Nxf7 Kxf7 7. Qf3+ Ke8 8. Bxd5 Qd7 9. Nc3 Nd4 10. Qh5+ Kd8 11. 0-0 Nxc2 12. Rb1 Bd6 13. d3 c6 14. Qg5+ Qe7 15. Qxe7+ Kxe7 16. Bg5+ Ke8 17. Bb3 Nb4 18. d4 exd4 19. Rfe1+ Kd7 20. Ne4 c5 21. Nxd6 Kxd6 22. Bf4+ Kc6 23. Ba4+ b5 24. Bb3 Nd3 25. Bc2 Nxf4 26. Be4+ Nd5 27. Rbc1 Kd6 28. Rc2 Nb4 29. Rce2 Rb8 30. a3 Nd5 31. Bxd5 Kxd5 32. b4 c4 33. Re5+ Kd6 34. f4 Bd7 35. Rd1 d3 36. Re4 Kc7 37. Re7 g6 38. g4 Rbe8 39. Rf7 Kc6 40. Rf6+ Kc7 41. Rf7 Kd8 42. h3 Re2 43. f5 gxf5 44. gxf5 d2 45. Kf1 Rhe8 46. Rg7 Re1+ 47. Rxe1 dxe1Q+ 48. Kg2 Re2+ 49. Kf3 Rf2+ 50. Kg4 Qg1+ 51. Kh4 Qxg7 52. a4 Rf4+ 53. Kh5 Be8# 0-1

[Event "AUT-ch U14 Girls"]
[Site "St Veit"]
[Date "2019.06.11"]
[Round "7.7"]
[White "Wintersteller, Lea Marie"]
[Black "Boehm, Lisa Marie"]
[Result "0-1"]
[WhiteElo "835"]
[BlackElo "846"]
[PlyCount "72"]
[EventDate "2019.06.08"]
[EventType "swiss"]
[EventRounds "7"]
[EventCountry "AUT"]
[SourceTitle "EXT 2024"]
[Source "ChessBase"]
[SourceDate "2023.10.10"]
[SourceVersion "1"]
[SourceVersionDate "2023.10.10"]
[SourceQuality "1"]

1. e4 e5 2. Nf3 Nc6 3. Nc3 Nf6 4. Bc4 Bc5 5. d3 d6 6. Be3 Bxe3 7. fxe3 0-0 8. d4 Bg4 9. Be2 Qe7 10. d5 Nb4 11. Qd2 Qd7 12. 0-0-0 Nxe4 13. Nxe4 Qa4 14. Bd3 Nxa2+ 15. Kb1 Nb4 16. Nc3 Qa5 17. Rdf1 Bd7 18. e4 Ba4 19. b3 b5 20. bxa4 bxa4 21. Bc4 Rab8 22. Kc1 a3 23. Kd1 a2 24. Ke2 Qa3 25. Ra1 Qa5 26. Bxa2 Qa6+ 27. Kf2 f5 28. exf5 Rxf5 29. g4 Rf4 30. h3 Rbf8 31. Kg3 Rxf3+ 32. Kh4 Qc8 33. Qe2 Qd8+ 34. g5 R8f4+ 35. Kh5 Qe8+ 36. g6 Qxg6# 0-1

[Event "AUT-ch U12 Girls"]
[Site "St Kanzian"]
[Date "2018.05.21"]
[Round "5.10"]
[White "Wintersteller, Lea Marie"]
[Black "Zedrosser, Sandra"]
[Result "0-1"]
[WhiteElo "904"]
[BlackElo "857"]
[PlyCount "58"]
[EventDate "2018.05.19"]
[EventType "swiss"]
[EventRounds "7"]
[EventCountry "AUT"]
[SourceTitle "EXT 2024"]
[Source "ChessBase"]
[SourceDate "2023.10.10"]
[SourceVersion "1"]
[SourceVersionDate "2023.10.10"]
[SourceQuality "1"]

1. e4 e5 2. Nf3 Nc6 3. Bc4 Nf6 4. d3 d5 5. exd5 Nxd5 6. d4 Na5 7. Bd2 Nxc4 8. Bg5 Be7 9. Bxe7 Qxe7 10. 0-0 e4 11. Ne5 Nxe5 12. dxe5 Qxe5 13. Nd2 e3 14. fxe3 Nxe3 15. Qf3 Nxf1 16. Nxf1 Qd4+ 17. Qf2 Qxb2 18. Re1+ Be6 19. Qf3 0-0 20. Nd2 Qxa2 21. Qxb7 Qxc2 22. Re2 Bc4 23. Qc6 Qd1+ 24. Kf2 Qxe2+ 25. Kg3 Rae8 26. Nxc4 Re4 27. Qc5 Qg4+ 28. Kf2 Re2+ 29. Kf1 Qxg2# 0-1

[Event "AUT-ch U12 Girls"]
[Site "St Kanzian"]
[Date "2018.05.19"]
[Round "2.9"]
[White "Wielander, Magdalena"]
[Black "Wintersteller, Lea Marie"]
[Result "0-1"]
[WhiteElo "819"]
[BlackElo "904"]
[PlyCount "136"]
[EventDate "2018.05.19"]
[EventType "swiss"]
[EventRounds "7"]
[EventCountry "AUT"]
[SourceTitle "EXT 2024"]
[Source "ChessBase"]
[SourceDate "2023.10.10"]
[SourceVersion "1"]
[SourceVersionDate "2023.10.10"]
[SourceQuality "1"]

1. e4 e5 2. Nf3 Nc6 3. Nc3 Nf6 4. Bb5 a6 5. Ba4 Bc5 6. 0-0 d5 7. d3 Bg4 8. Bg5 0-0 9. Bxc6 bxc6 10. Ne2 dxe4 11. dxe4 Qxd1 12. Raxd1 Be7 13. Nc3 Bxf3 14. gxf3 Rfe8 15. f4 exf4 16. Bxf4 h6 17. Bxc7 Rac8 18. Bd6 Bxd6 19. Rxd6 Nxe4 20. Nxe4 Rxe4 21. f3 Re2 22. Rf2 Re1+ 23. Rf1 Re5 24. f4 Re4 25. f5 Rg4+ 26. Kf2 f6 27. Rg1 Rf4+ 28. Ke3 Rxf5 29. Rd7 Kf8 30. Rdxg7 Re5+ 31. Kf4 Rd8 32. R7g6 Rd4+ 33. Kf3 Rf5+ 34. Ke3 Rd6 35. Rg8+ Ke7 36. R8g7+ Ke6 37. Rc1 Kd5 38. Rd1+ Kc5 39. Rxd6 Kxd6 40. Rg6 Re5+ 41. Kf4 Ke6 42. Rxh6 Rf5+ 43. Ke4 Re5+ 44. Kd4 Rf5 45. Rh4 Kd6 46. c4 c5+ 47. Ke3 Re5+ 48. Kf4 Ke6 49. Rh8 Rf5+ 50. Kg4 Rg5+ 51. Kf4 Rf5+ 52. Ke3 Ke5 53. Re8+ Kd6 54. Rd8+ Ke6 55. Rd5 Rf1 56. Ke2 Rh1 57. Rxc5 Rxh2+ 58. Kd1 Rxb2 59. Rc6+ Kf5 60. Rxa6 Ke4 61. Re6+ Kd3 62. Rd6+ Kxc4 63. Rc6+ Kd3 64. Rd6+ Ke3 65. a4 f5 66. a5 f4 67. Re6+ Kd3 68. a6 Rb1# 0-1